000 00327nam a2200145Ia 4500
008 230718s9999 xx 000 0 und d
041 _aEng.
082 _a634.44
_bRIG-P
100 _aRigui Aatir
245 0 _aPolice older 2002
260 _aPakistan
_bIman low book
_c2009
300 _a156
650 _aLaw
999 _c26554
_d26554